Central Library OPAC University of Rajshahi

English contributions to the philosophy of law / (Record no. 3633)

MARC details
000 -LEADER
fixed length control field 01050nam a2200277 a 4500
001 - CONTROL NUMBER
control field 3633
003 - CONTROL NUMBER IDENTIFIER
rucl marc code BD-RjUL
005 - DATE AND TIME OF LATEST TRANSACTION
control field 20211208233748.0
008 - FIXED-LENGTH DATA ELEMENTS--GENERAL INFORMATION
fixed length control field 131219r19511948nyu 000 0 eng d
035 ## - SYSTEM CONTROL NUMBER
System control number (BD-RjUL)3667
040 ## - CATALOGING SOURCE
Original cataloging agency BD-RjUL
Language of cataloging eng
Transcribing agency BD-RjUL
041 ## - LANGUAGE CODE
Language code of text/sound track or separate title eng
082 ## - DEWEY DECIMAL CLASSIFICATION NUMBER
Classification number 340.1
Author mark and year GOE 1951
Edition number 23
100 1# - MAIN ENTRY--PERSONAL NAME
Personal name Goodhart, Arthur L.
Fuller form of name (Arthur Lehman),
Dates associated with a name 1891-1978.
9 (RLIN) 11511
245 10 - TITLE STATEMENT
Title English contributions to the philosophy of law /
Statement of responsibility, etc. by Arthur L. Goodhart ; with an introduction by Cloyd Laporte.
260 ## - PUBLICATION, DISTRIBUTION, ETC. (IMPRINT)
Place of publication, distribution, etc. New York :
Name of publisher, distributor, etc. Oxford University Press,
Date of publication, distribution, etc. 1948 [reprinted 1951].
300 ## - PHYSICAL DESCRIPTION
Pagination 44 p. ;
Size 21 cm.
490 1# - SERIES STATEMENT
Series statement Benjamin N. Cardozo lectures ;
Volume/sequential designation 7
500 ## - GENERAL NOTE
General note "Seventh annual Benjamin N. Cardozo Lecture delivered before the Association of the Bar of the City of New York, 25 May 1948"--t.p.
General note Includes bibliographical footnotes.
650 #0 - SUBJECT ADDED ENTRY--TOPICAL TERM
Topical term or geographic name as entry element Law
General subdivision Philosophy.
9 (RLIN) 11434
Topical term or geographic name as entry element Law
General subdivision English influences.
9 (RLIN) 11512
830 #0 - SERIES ADDED ENTRY--UNIFORM TITLE
Volume number/sequential designation 7
Uniform title Benjamin N. Cardozo lectures ;
942 ## - ADDED ENTRY ELEMENTS (KOHA)
Source of classification or shelving scheme Dewey Decimal Classification
Koha item type Books
Holdings
Lost status Source of classification or shelving scheme Damaged status Not for loan Collection code Permanent Location Current Location Shelving location Date acquired Source of acquisition Cost, normal purchase price Total Checkouts Full call number Date last seen Copy number Koha item type
  Dewey Decimal Classification     Non-fiction Central Library, University of Rajshahi Central Library, University of Rajshahi   19/12/2013 U. B. D. Rajshahi 3.30   340.1 GOE 1951 19/12/2013 C-2 Books
  Dewey Decimal Classification     Non-fiction Central Library, University of Rajshahi Central Library, University of Rajshahi   21/07/1955 O.U.P 2.80   340.1 GOE 1951 27/07/2016 C-3 Books